|
|
|
|
| LEADER |
00000nam a2200000 a 4500 |
| 001 |
vtls001478557 |
| 003 |
SK-MaSNL |
| 005 |
20260425233547.0 |
| 008 |
180813t1955 xo gab 0 slo |
| 035 |
|
|
|a SNK000433857
|
| 040 |
|
|
|a SNK
|b slo
|c SNK
|e AACR2
|
| 072 |
|
7 |
|a 784
|x Vokálna hudba
|2 konspekt
|
| 080 |
|
|
|a 784.4(=162.4)
|2 2008
|
| 080 |
|
|
|a (437.6)
|2 2008
|
| 080 |
|
|
|a (083.8)
|2 2008
|
| 245 |
0 |
0 |
|a Vyletel vták ...
|b zbierka slovenských ľudových piesní v Maďarsku
|c Ved. red.: Borsai Ilona
|
| 250 |
|
|
|a 1. vyd.
|
| 260 |
|
|
|a [ Bratislava ]
|b Hudobné nakl. Zeneműkiadó
|c 1955
|
| 300 |
|
|
|a 157 s.
|b il.,mp.,noty
|c 20 cm
|
| 650 |
0 |
7 |
|a slovenské ľudové piesne
|2 SNKPH
|9 3454
|
| 650 |
0 |
7 |
|a Slovak folk songs
|2 SNKPHeng
|9 286208
|
| 651 |
|
7 |
|a Slovensko
|2 SNKPHgeo
|9 14231
|
| 651 |
|
7 |
|a Slovakia
|2 SNKPHgeo
|9 92630
|
| 655 |
|
7 |
|a súpisy
|2 SNKPH
|9 70480
|
| 655 |
|
7 |
|a Inventories
|2 SNKPHeng
|9 266628
|
| 700 |
1 |
|
|a Borsai, Ilona
|4 red
|9 497368
|
| 958 |
|
|
|a OND
|
| 999 |
|
|
|c 769404
|d 771334
|
| 952 |
|
|
|a SNK
|b SNK
|y PREZ
|7 0
|p 17A0433442
|o snkSD 10349
|i snk127/56
|0 0
|1 0
|4 0
|d 2004-07-15
|l 0
|r 2025-11-24 00:00:00
|w 2026-02-24
|
| 952 |
|
|
|a SNK
|b SNK
|y VYP
|7 0
|p 17A0835825
|o snkSD 10349 D1
|i snkKSD 5/56
|8 1
|0 0
|1 0
|4 0
|d 2014-08-01
|l 0
|r 2026-02-24 00:30:35
|w 2026-02-24
|
| 952 |
|
|
|a SNK
|b SNK
|y VYP
|7 0
|p 17A0835823
|o snkSD 10349 D2
|i snkKSK 93/56
|8 3
|0 0
|1 0
|4 0
|d 2014-08-01
|l 0
|r 2026-02-24 00:30:35
|w 2026-02-24
|